Análisis del proceso de cuentas por pagar /

Gespeichert in:
Bibliographische Detailangaben
1. Verfasser: Rivera Uranga, Miguel Angel (autor)
Format: Abschlussarbeit Buch
Sprache:Spanisch
Schlagworte:
Tags: Tag hinzufügen
Keine Tags, Fügen Sie das erste Tag hinzu!

MARC

LEADER 00000nam^a2200000^a^4500
001 000139080
005 20250521000000.0
009 20260310095450.544
037 |a Acervo ITESO - Biblioteca 
041 |a ESP 
090 |a LAF. 28 
100 |a Rivera Uranga, Miguel Angel  |e (autor) 
245 1 0 |a Análisis del proceso de cuentas por pagar /  |c M.A. Rivera Uranga. 
264 |a Guadalajara, México :  |b edición de autor,  |c 2002 
300 |a 43 p. 
336 |a texto  |b txt  |2 rdacontenido 
337 |a sin mediación  |b n  |2 rdamedio 
338 |a volumen  |b nc  |2 rdasoporte 
502 |a ITESO Reporte Profesional de Licenciatura en Administración Financiera 
649 |a XX 
650 |a Industria Manufacturera 
650 |a Pagos 
650 |a Control Interno 
650 |a Administración Financiera 
650 |a Contabilidad Financiera 
650 |a Ciencias Administrativas 
910 |a Fondo General 
920 |a Impresos - Tesis del ITESO 
930 |a Colección General 
905 |a 104 
901 |a 0500066876  |b IT2  |c TSS  |u 20250521 
902 |a https://opac.biblio.iteso.mx/vufind/Record/000139080